African Shape to Country Click Quiz - Statistics

General Stats
  • This quiz has been taken 706 times
  • The average score is 35 of 54
Answer Stats
Hint Answer % Correct
Egypt
83%
Morocco
83%
South Africa
83%
Somalia
82%
Madagascar
80%
Senegal
80%
Mali
79%
Algeria
78%
Gambia
78%
Namibia
77%
Chad
76%
Libya
76%
Malawi
76%
Eritrea
75%
Ethiopia
75%
Tunisia
75%
Cameroon
74%
Mozambique
74%
Angola
73%
Equatorial Guinea
73%
D. R. Congo
72%
Benin
71%
Mauritania
71%
Sudan
71%
Ghana
70%
Zambia
70%
Togo
69%
Central African Republic
68%
Niger
68%
Liberia
67%
Burkina Faso
65%
Gabon
65%
Ivory Coast
65%
Nigeria
65%
Republic of the Congo
65%
Guinea
63%
South Sudan
63%
Guinea-Bissau
60%
Tanzania
60%
Djibouti
57%
Kenya
57%
São Tomé and Príncipe
57%
Botswana
56%
Sierra Leone
53%
Uganda
51%
Burundi
50%
Zimbabwe
50%
Cape Verde
48%
Comoros
46%
Seychelles
45%
Eswatini
43%
Lesotho
42%
Rwanda
39%
Mauritius
34%
No matching quizzes found
Score Distribution
Percent of People with Each Score
Percentile by Number Answered
Your Score History
You have not taken this quiz